<?xml version="1.0" encoding="UTF-8"?>
<record
    xmlns:xsi="http://www.w3.org/2001/XMLSchema-instance"
    xsi:schemaLocation="http://www.loc.gov/MARC21/slim http://www.loc.gov/standards/marcxml/schema/MARC21slim.xsd"
    xmlns="http://www.loc.gov/MARC21/slim">

  <leader>01009nam a22002657a 4500</leader>
  <controlfield tag="001">BRCA_9403</controlfield>
  <controlfield tag="003">FranzMayer</controlfield>
  <controlfield tag="005">20230918125302.0</controlfield>
  <controlfield tag="008">230904b        |||||||| |||| 00| 0 eng d</controlfield>
  <datafield tag="020" ind1=" " ind2=" ">
    <subfield code="a">9788495241894</subfield>
  </datafield>
  <datafield tag="040" ind1=" " ind2=" ">
    <subfield code="a">MFM</subfield>
    <subfield code="b">ESPA&#xD1;OL</subfield>
    <subfield code="c">MFM</subfield>
  </datafield>
  <datafield tag="050" ind1=" " ind2="0">
    <subfield code="a">DP178</subfield>
    <subfield code="b">M85 2012</subfield>
  </datafield>
  <datafield tag="100" ind1="1" ind2=" ">
    <subfield code="4">Autor</subfield>
    <subfield code="a">Muller E, Priscilia</subfield>
    <subfield code="9">29560</subfield>
  </datafield>
  <datafield tag="240" ind1=" " ind2=" ">
    <subfield code="a">Joyas en Espa&#xF1;a</subfield>
    <subfield code="h">1500-1800</subfield>
    <subfield code="l">Espa&#xF1;ol</subfield>
  </datafield>
  <datafield tag="245" ind1=" " ind2=" ">
    <subfield code="a">Joyas en Espa&#xF1;a</subfield>
    <subfield code="b">1500-1800</subfield>
  </datafield>
  <datafield tag="260" ind1=" " ind2=" ">
    <subfield code="a">Estados Unidos de America</subfield>
    <subfield code="b">The Hispanic Society of America</subfield>
    <subfield code="c">2012</subfield>
  </datafield>
  <datafield tag="300" ind1=" " ind2=" ">
    <subfield code="a">191 p</subfield>
    <subfield code="b">Ilustraciones a color</subfield>
    <subfield code="c">32 cm</subfield>
  </datafield>
  <datafield tag="500" ind1=" " ind2=" ">
    <subfield code="a">Anexo 1</subfield>
  </datafield>
  <datafield tag="500" ind1=" " ind2=" ">
    <subfield code="a">El libro se encuentra en parta dura, con sobrecubierta</subfield>
  </datafield>
  <datafield tag="505" ind1=" " ind2=" ">
    <subfield code="a">Texto en: espa&#xF1;olTraducido del alem&#xE1;n Incluye &#xED;ndice tem&#xE1;ticoIncluye bibliograf&#xED;aDirigido a: joyeros, artesanos o artistas espa&#xF1;oles</subfield>
  </datafield>
  <datafield tag="650" ind1="1" ind2=" ">
    <subfield code="2">Trabajo de plata</subfield>
    <subfield code="a">Exposiciones</subfield>
    <subfield code="v">Siglo XVI-XIX</subfield>
    <subfield code="9">29561</subfield>
  </datafield>
  <datafield tag="651" ind1="2" ind2=" ">
    <subfield code="2">Plata</subfield>
    <subfield code="a">Exposiciones</subfield>
    <subfield code="v">Espa&#xF1;a</subfield>
    <subfield code="9">29562</subfield>
  </datafield>
  <datafield tag="700" ind1="1" ind2=" ">
    <subfield code="4">Trad</subfield>
    <subfield code="a">Schmid, Eduardo</subfield>
    <subfield code="9">29563</subfield>
  </datafield>
  <datafield tag="942" ind1=" " ind2=" ">
    <subfield code="2">lcc</subfield>
    <subfield code="c">B</subfield>
  </datafield>
  <datafield tag="999" ind1=" " ind2=" ">
    <subfield code="c">11025</subfield>
    <subfield code="d">11025</subfield>
  </datafield>
  <datafield tag="952" ind1=" " ind2=" ">
    <subfield code="0">0</subfield>
    <subfield code="1">0</subfield>
    <subfield code="2">lcc</subfield>
    <subfield code="4">0</subfield>
    <subfield code="7">0</subfield>
    <subfield code="8">FCON</subfield>
    <subfield code="a">BRCA</subfield>
    <subfield code="b">BRCA</subfield>
    <subfield code="d">2023-09-04</subfield>
    <subfield code="l">0</subfield>
    <subfield code="o">DP178 M85 2012</subfield>
    <subfield code="p">CONT10173</subfield>
    <subfield code="r">2023-09-04 00:00:00</subfield>
    <subfield code="w">2023-09-04</subfield>
    <subfield code="y">B</subfield>
  </datafield>
</record>
